000 01092nam a2200325 i 4500
003 EG-GICUC
005 20260203105524.0
008 260203s1907 fr ||||fr ||| 00| 0 fre d
040 _aEG-GICUC
_cEG-GICUC
_dEG-GICUC
_erda
_bfre
041 0 _afre
082 0 4 _221
_a341.8
_bWE . T
092 0 4 _221
099 _aLaw1 12 341.8 WE . T 1907
100 1 _aWeiss,André
_eAuteur
245 1 2 _aTraité Théorique Et Pratique De Droit International Privé .
_nTome Premier :
_pLa Nationalité /
_cAndré Weiss .
250 _aDeuxième Édition
264 0 _aParis :
_bLibrairie De La Société Du Recueil Sirey ,
_c1907 .
300 _a844 Pages ;
_c30 cm.
_billustration ;
336 _atext
_2rda content
337 _aComputer
_2rda media
338 _aOnline Resource
_2rda carrier
504 _aBibliography: pages 200-250. 240-220
546 _aTexte en français
650 0 4 _aDroit international privé
_2qrmak
650 0 4 _aNationalité
_2qrmak
651 1 _2qrmak
856 _uhttps://fll.law.cu.edu.eg/fulltext/th/B12-02476.pdf
905 _a59
942 _2ddc
_cBK
_e21
_n0
999 _c60453
_d60453